00694 2200229 4500001002100000005001700021008004100038020002200079035002500101040001200126082001000138084001800148090001800166245008800184250001100272260002700283300003700310440003100347650003000378700004400408850001200452INLIS00000000000235820150225135404.0  a978-979-29-4287-3 a0010-021500000000615 aYOPDYOG a507.6 aDEP 507.6 Men aDEP 507.6 Men aMendadak UN SMA/MA program IPAc/ Haryanto ...[et al] ; edkitor, Th. Arie Prabawati aCet. 1 aYogyakartabAndic2014 avii, 372 hlm.b: ilus.c; 23 cm. aBibliografi : hlm. 371-372 aSains - Ujian, Soal, dsb. aI. Haryanto, UT. II. Arie Prabawati, Th aYOPDYOG